书目信息 |
| 题名: |
3ds Max三维特效动画实用教程
|
|
| 作者: | 张敏 , 段傲霜 , 周鹏程 主编 | |
| 分册: | ||
| 出版信息: | 西安 西安电子科技大学出版社 2021.06 |
|
| 页数: | 209页 | |
| 开本: | 26cm | |
| 丛书名: | 高职高专计算机类专业系列教材 | |
| 单 册: | ||
| 中图分类: | TP391.414 | |
| 科图分类: | ||
| 主题词: | 三维动画软件--san wei dong hua ruan jian--高等职业教育--教材 | |
| 电子资源: | ||
| ISBN: | 978-7-5606-6029-5 | |
| 000 | 01580nam 2200301 450 | |
| 001 | 0100028927 | |
| 005 | 20211025120205.0 | |
| 010 | @a978-7-5606-6029-5@dCNY35.00 | |
| 100 | @a20210721d2021 em y0chiy50 ea | |
| 101 | 0 | @achi |
| 102 | @aCN@b610000 | |
| 105 | @aa z 000yy | |
| 106 | @ar | |
| 200 | 1 | @a3ds Max三维特效动画实用教程@A3ds Max san wei te xiao dong hua shi yong jiao cheng@f主编张敏, 段傲霜, 周鹏程 |
| 210 | @a西安@c西安电子科技大学出版社@d2021.06 | |
| 215 | @a209页@c图@d26cm | |
| 225 | 2 | @a高职高专计算机类专业系列教材@Agao zhi gao zhuan ji suan ji lei zhuan ye xi lie jiao cai |
| 300 | @a慕课版 | |
| 330 | @a本书以用3ds Max软件制作的具有代表性的13个三维特效动画项目为教学内容, 详细透彻地剖析了运用三维特效进行合成应用的关键技术, 具体包括制作下雨特效、水波涟漪特效、液体流动特效、礼花绽放效果、魅力四射效果、树叶飘落动画、水中泡泡效果、蒲公英飘落动画、药丸散落动画、旗帜飘扬动画、香烟动画、丝巾滑落动画和白云飘动动画。每个项目都以“项目描述”“知识准备”“项目实施”“项目小结”和“实践演练”5个部分构成, 层次分明、步骤清晰。本书可作为高等院校或高职高专院校动漫、数字媒体、广告、游戏、网站等专业课程的教材, 也可供三维动画制作人员参考使用, 还可作为三维动画培训班的培训教材。 | |
| 410 | 0 | @12001 @a高职高专计算机类专业系列教材 |
| 606 | 0 | @a三维动画软件@Asan wei dong hua ruan jian@x高等职业教育@j教材 |
| 610 | 0 | @a3ds max |
| 690 | @aTP391.414@v5 | |
| 701 | 0 | @a张敏@Azhang min@4主编 |
| 701 | 0 | @a段傲霜@Aduan ao shuang@4主编 |
| 701 | 0 | @a周鹏程@Azhou peng cheng@4主编 |
| 801 | 0 | @aCN@c20210909 |
| 905 | @a河南城建学院图书馆@dTP391.414@eZ145 | |
| 3ds Max三维特效动画实用教程/主编张敏, 段傲霜, 周鹏程.-西安:西安电子科技大学出版社,2021.06 |
| 209页:图;26cm.-(高职高专计算机类专业系列教材) |
| 慕课版 |
| ISBN 978-7-5606-6029-5:CNY35.00 |
| 本书以用3ds Max软件制作的具有代表性的13个三维特效动画项目为教学内容, 详细透彻地剖析了运用三维特效进行合成应用的关键技术, 具体包括制作下雨特效、水波涟漪特效、液体流动特效、礼花绽放效果、魅力四射效果、树叶飘落动画、水中泡泡效果、蒲公英飘落动画、药丸散落动画、旗帜飘扬动画、香烟动画、丝巾滑落动画和白云飘动动画。每个项目都以“项目描述”“知识准备”“项目实施”“项目小结”和“实践演练”5个部分构成, 层次分明、步骤清晰。本书可作为高等院校或高职高专院校动漫、数字媒体、广告、游戏、网站等专业课程的教材, 也可供三维动画制作人员参考使用, 还可作为三维动画培训班的培训教材。 |
| ● |
| 相关链接 |
|
|
|
正题名:3ds Max三维特效动画实用教程
索取号:TP391.414/Z145
 
预约/预借
| 序号 | 登录号 | 条形码 | 馆藏地/架位号 | 状态 | 备注 |
| 1 | 1547354 | 215473547 | 自科库301/301自科库 108排1列5层/ [索取号:TP391.414/Z145] | 在馆 | |
| 2 | 1547355 | 215473556 | 自科库301/301自科库 108排1列5层/ [索取号:TP391.414/Z145] | 在馆 |